000
00270nam a2200097Ia 4500
008
180412s9999||||xx |||||||||||||| ||und||
040
_a
Ahmadu Bello University Library - Zaria
100
_a
Godard, Andre
245
0
_a
L'art de l'Iran
_c
Andre Godard
260
_a
Paris
_b
Arthaud
_c
1962
300
_a
168p.
999
_c
24426
_d
24426